|
|
|
|
| LEADER |
00659nab a2200157 i 4500 |
| 001 |
misc5290 |
| 005 |
20191106142730.0 |
| 008 |
170607s1929 hu o 0|| hun d |
| 040 |
|
|
|a SZTE Miscellanea Repozitórium
|b hun
|
| 041 |
|
|
|a hun
|
| 245 |
0 |
0 |
|a Törvénykezési illetéknek közigazgatási bélyeggel való lerovása csupán szabálytalanság, tehát felemelt illeték nem követelhető
|h [elektronikus dokumentum]
|
| 260 |
|
|
|c 1929
|
| 300 |
|
|
|a 117b
|
| 490 |
0 |
|
|a Polgári jog : a hazai és külföldi magánjog és hiteljog szemléje
|v 5
|
| 695 |
|
|
|a Illeték törvénykezés
|
| 856 |
4 |
0 |
|u http://misc.bibl.u-szeged.hu/5290/1/polgari_jog_1929_117b.pdf
|z Dokumentum-elérés
|